[Event "Uljanovsk Sidorov Memorial"]
[Site "Uljanovsk"]
[Date "2013.07.13"]
[Round "7"]
[White "Elkin, Alexander"]
[Black "Samborskiy, Vadim"]
[Result "1-0"]
[WhiteElo "2195"]
[BlackElo "2052"]
[PlyCount "67"]
[EventDate "2013.07.11"]
[EventType "swiss"]
[EventRounds "9"]
[EventCountry "RUS"]
[SourceTitle "EXT 2014"]
[Source "ChessBase"]
[SourceDate "2013.11.20"]
[SourceVersion "1"]
[SourceVersionDate "2013.11.20"]
[SourceQuality "1"]

1. Nf3 d5 2. b4 f6 3. d4 a5 4. b5 c6 5. e3 Bd7 6. a4 e6 7. Ba3 Be7 8. c4 cxb5 9. cxb5 Bxa3 10. Rxa3 Ne7 11. Bd3 Nc8 12. Qc2 f5 13. Ne5 0-0 14. 0-0 Nd6 15. Rc1 Nf7 16. Nxf7 Rxf7 17. Rc3 Rf8 18. Nd2 Ra7 19. Nf3 b6 20. Ne5 Rb7 21. f4 g5 22. Rc7 Rxc7 23. Qxc7 gxf4 24. exf4 Qe7 25. Qxb6 Qa3 26. Rc7 Bc8 27. Rxc8 Rxc8 28. Qxe6+ Kg7 29. Qxc8 Qa1+ 30. Kf2 Qxd4+ 31. Kf3 Qxa4 32. Qxf5 Qd1+ 33. Kg3 Qe1+ 34. Kh3 1-0

[Event "Dimitrovgrad Summer op"]
[Site "Dimitrovgrad"]
[Date "2013.06.22"]
[Round "1"]
[White "Samborskiy, Vadim"]
[Black "Breskanu, Nikita"]
[Result "1-0"]
[WhiteElo "2052"]
[BlackElo "1501"]
[PlyCount "99"]
[EventDate "2013.06.22"]
[EventType "swiss"]
[EventRounds "9"]
[EventCountry "RUS"]
[SourceTitle "EXT 2014"]
[Source "ChessBase"]
[SourceDate "2013.11.20"]
[SourceVersion "1"]
[SourceVersionDate "2013.11.20"]
[SourceQuality "1"]

1. e4 c6 2. d4 d5 3. e5 Bf5 4. h4 h5 5. c4 e6 6. Nc3 Ne7 7. Bg5 Qb6 8. Na4 Qa5+ 9. Bd2 Qc7 10. c5 Nd7 11. b4 Bg6 12. Ne2 Nf5 13. Bc3 Be7 14. g3 b6 15. Nf4 Nf8 16. Be2 b5 17. Nb2 a6 18. Nxh5 Bxh5 19. Bxh5 g6 20. Bg4 Ng7 21. Kd2 Nd7 22. a4 Qb7 23. Nd3 f6 24. Nf4 Kf7 25. Nxe6 f5 26. Nxg7 fxg4 27. Ne6 Kxe6 28. Qxg4+ Kf7 29. e6+ Kg7 30. exd7 Rad8 31. h5 g5 32. Qf5 Rh6 33. Rhe1 Qxd7 34. Qxd7 Rxd7 35. axb5 axb5 36. Ra6 g4 37. Kd3 Bg5 38. Re5 Bf6 39. Rf5 Rc7 40. Bd2 Rh8 41. Bf4 Rf7 42. Rxc6 Re8 43. Rxd5 Re1 44. Rdd6 Rd1+ 45. Kc2 Rxd4 46. h6+ Kg6 47. Rxd4 Ra7 48. Rdd6 Kh5 49. h7 Rxh7 50. Rxf6 1-0

[Event "Uljanovsk-ch U26 op"]
[Site "Uljanovsk"]
[Date "2013.03.30"]
[Round "4"]
[White "Samborskiy, Vadim"]
[Black "Golubchikov, Alexey"]
[Result "1-0"]
[WhiteElo "2080"]
[BlackElo "1763"]
[PlyCount "51"]
[EventDate "2013.03.23"]
[EventType "swiss"]
[EventRounds "9"]
[EventCountry "RUS"]
[SourceTitle "EXT 2014"]
[Source "ChessBase"]
[SourceDate "2013.11.20"]
[SourceVersion "1"]
[SourceVersionDate "2013.11.20"]
[SourceQuality "1"]

1. e4 c6 2. d4 d5 3. e5 c5 4. c3 Nc6 5. h3 Bf5 6. g4 Bd7 7. Nf3 e6 8. Be2 cxd4 9. cxd4 Rc8 10. a3 Qb6 11. b4 a6 12. Bb2 Nge7 13. Nc3 Ng6 14. Rc1 Nf4 15. Na4 Qa7 16. Bf1 b5 17. Nc5 Bxc5 18. Rxc5 0-0 19. Qd2 Ng6 20. Bd3 Nce7 21. h4 Rxc5 22. bxc5 Rb8 23. h5 Nf8 24. Qg5 Bc6 25. h6 g6 26. Qf6 1-0

[Event "Izmailov Memorial op 15th"]
[Site "Tomsk"]
[Date "2011.06.09"]
[Round "9"]
[White "Samborskiy, Vadim"]
[Black "Rodionova, Daria"]
[Result "1/2-1/2"]
[WhiteElo "2124"]
[BlackElo "1938"]
[PlyCount "113"]
[EventDate "2011.06.01"]
[EventType "swiss"]
[EventRounds "9"]
[EventCountry "RUS"]
[SourceTitle "EXT 2013"]
[Source "ChessBase"]
[SourceDate "2012.11.22"]
[SourceVersion "1"]
[SourceVersionDate "2012.11.22"]
[SourceQuality "1"]

1. e4 c5 2. c3 Nf6 3. e5 Nd5 4. d4 cxd4 5. Nf3 Nc6 6. Bc4 Nb6 7. Bb3 d5 8. exd6 Qxd6 9. 0-0 Be6 10. Bxe6 Qxe6 11. Nxd4 Nxd4 12. Qxd4 Rd8 13. Qf4 Qe2 14. Qe3 Qxe3 15. Bxe3 Nc4 16. Bxa7 Ra8 17. Bd4 e5 18. Bxe5 Nxe5 19. Re1 f6 20. f4 Bc5+ 21. Kh1 Bd6 22. Nd2 Kf7 23. fxe5 Bxe5 24. Nc4 Rhe8 25. g3 Bc7 26. a3 Rad8 27. Rxe8 Kxe8 28. a4 Rd5 29. Kg2 h5 30. a5 Rc5 31. b3 h4 32. a6 bxa6 33. Rxa6 hxg3 34. hxg3 Rg5 35. Nd6+ Ke7 36. Ne4 Rg4 37. Ra7 Kd8 38. Ra8+ Ke7 39. Ra7 Kd8 40. Ra4 f5 41. Rd4+ Ke7 42. Nc5 Rxg3+ 43. Kf2 Bd6 44. Rxd6 Kxd6 45. Nb7+ Kc7 46. Kxg3 Kxb7 47. Kf4 g6 48. b4 Kc6 49. c4 Kd6 50. b5 Kc5 51. Ke5 Kb6 52. Kd5 f4 53. c5+ Kxb5 54. c6 f3 55. c7 f2 56. c8Q f1Q 57. Qe8+ 1/2-1/2

[Event "Izmailov Memorial op 15th"]
[Site "Tomsk"]
[Date "2011.06.02"]
[Round "2"]
[White "Mikhalchenko, Petr"]
[Black "Samborskiy, Vadim"]
[Result "1-0"]
[WhiteElo "2382"]
[BlackElo "2124"]
[PlyCount "69"]
[EventDate "2011.06.01"]
[EventType "swiss"]
[EventRounds "9"]
[EventCountry "RUS"]
[SourceTitle "EXT 2013"]
[Source "ChessBase"]
[SourceDate "2012.11.22"]
[SourceVersion "1"]
[SourceVersionDate "2012.11.22"]
[SourceQuality "1"]

1. d4 d5 2. Nf3 Nf6 3. Bf4 e6 4. Nbd2 c5 5. e3 Nc6 6. c3 Be7 7. Bd3 0-0 8. Ne5 Nd7 9. h4 f6 10. Qh5 f5 11. Qe2 Nf6 12. h5 c4 13. Bc2 Nxe5 14. dxe5 Ne4 15. Nf3 Bd7 16. Nd4 b5 17. a3 a5 18. Bxe4 fxe4 19. Qg4 Ra6 20. f3 Bc5 21. fxe4 Bxd4 22. exd4 dxe4 23. 0-0 Rf5 24. Be3 Qa8 25. Rf4 Rxf4 26. Qxf4 Bc6 27. Rf1 Qe8 28. h6 Qe7 29. Qg4 g6 30. Rf6 Ra7 31. Rxg6+ hxg6 32. Qxg6+ Kf8 33. h7 Qxh7 34. Bh6+ Rg7 35. Qxh7 1-0

[Event "Berdsk Maestro op 14th"]
[Site "Berdsk"]
[Date "2008.07.15"]
[Round "8"]
[White "Samborskiy, Vadim"]
[Black "Kazachansky, Sergei"]
[Result "1-0"]
[WhiteElo "2121"]
[BlackElo "1972"]
[PlyCount "83"]
[EventDate "2008.07.08"]
[EventType "swiss"]
[EventRounds "9"]
[EventCountry "RUS"]
[SourceTitle "CBM 125 Extra"]
[Source "ChessBase"]
[SourceDate "2008.09.01"]
[SourceVersion "1"]
[SourceVersionDate "2008.09.01"]
[SourceQuality "1"]

1. e4 e6 2. d4 c5 3. c3 d5 4. e5 Nc6 5. Nf3 Qb6 6. Be2 Nh6 7. b3 Nf5 8. Bb2 cxd4 9. cxd4 Bb4+ 10. Kf1 h5 11. Bd3 Bd7 12. Be2 Be7 13. h4 0-0-0 14. Nc3 Ncxd4 15. Nxd5 exd5 16. Nxd4 Kb8 17. Nxf5 Bxf5 18. g3 Bc5 19. Rh2 d4 20. Bd3 Qg6 21. Bxf5 Qxf5 22. f4 f6 23. Qc2 Qxc2 24. Rxc2 Bb6 25. exf6 gxf6 26. Rd1 Rhg8 27. Rd3 Rge8 28. Re2 Rc8 29. Bxd4 Rc1+ 30. Kf2 Rxe2+ 31. Kxe2 Rc2+ 32. Kf3 Bxd4 33. Rxd4 Rxa2 34. g4 hxg4+ 35. Kxg4 Kc7 36. h5 Rg2+ 37. Kf5 Rh2 38. Kg6 f5 39. h6 Kc6 40. b4 b6 41. h7 Kc7 42. Rd5 1-0

[Event "Berdsk Maestro op 13th"]
[Site "Berdsk"]
[Date "2007.07.13"]
[Round "6.18"]
[White "Dolgov, Alexander"]
[Black "Samborskiy, Vadim"]
[Result "1-0"]
[WhiteElo "2041"]
[BlackElo "2111"]
[PlyCount "82"]
[EventDate "2007.07.08"]
[EventType "swiss"]
[EventRounds "9"]
[EventCountry "RUS"]
[SourceTitle "EXT 2022"]
[Source "ChessBase"]
[SourceDate "2021.10.06"]
[SourceVersion "1"]
[SourceVersionDate "2021.10.06"]
[SourceQuality "1"]

1. e4 e5 2. Nf3 Nc6 3. Bc4 Bc5 4. c3 Nf6 5. d4 exd4 6. e5 d5 7. Bb5 Ne4 8. cxd4 Bb4+ 9. Nbd2 0-0 10. 0-0 Bg4 11. Bxc6 bxc6 12. Qa4 Bxd2 13. Nxd2 Be2 14. Re1 Bb5 15. Qc2 Nxf2 16. Nf3 Ne4 17. a4 Ba6 18. Qxc6 Bc4 19. e6 fxe6 20. Qxe6+ Kh8 21. Ne5 Nd6 22. b3 Qf6 23. Qxf6 gxf6 24. Nd7 Bxb3 25. Nxf8 Rxf8 26. Ba3 Rf7 27. Bxd6 cxd6 28. Re6 Kg7 29. Rxd6 Bc4 30. Re1 Rb7 31. a5 a6 32. Rb6 Rc7 33. Kf2 Bb5 34. Ree6 Rc2+ 35. Kf3 Rc3+ 36. Kf4 Rc2 37. Rxf6 Rf2+ 38. Ke5 Rxg2 39. Rb7+ Kg8 40. Kxd5 Rg5+ 41. Ke4 Rg4+ 1-0